000 00342nam a22000977a 4500
999 _c516739
_d516739
082 _aTNC AA T499
100 _aTipple, Edith D.
_923315
245 _aWhat the disciples said about it :
_bA compilation of the teachings of twelve monastic disciples of Sri Ramakrishna
_cEdith D. Tipple
260 _aKolkata
_bAdvaita Ashrama
_c2005
300 _a633p.